000 00709nam a2200217 a 4500
001 000030178
005 20200930060116.0
008 110503s2010 dr 000 0 spa d
040 _aDO-SdBNP
_bspa
_cBNPHU
082 _axxx
_bP349e
100 1 _aPeña Vásquez, Jesús
_919548
245 1 0 _aPensando en la escuela /
_cJesús Peña Vásquez.
260 _aSanto Domingo :
_bImprenta Dahiana,
_c2010.
300 _a122 p. :
_bretr. ;
_c23 cm.
490 1 _aTaller de educación
500 _aIncluye notas al pie de páginas
500 _aIncluye datos biográficos del autor en la solapa de la cubierta.
504 _aBibliografías p. 119-122
830 0 _aTaller de educación
_956891
049 _aBNPD
999 _c29670
_d29670